| 000 | 00988nam a22003137a 4500 | ||
|---|---|---|---|
| 001 | 0011800 | ||
| 003 | DO-SdBPM | ||
| 005 | 20260319130406.0 | ||
| 007 | ta | ||
| 008 | 161122b2008 sp |||| 00| 0 spa d | ||
| 020 | _a9788420464718 | ||
| 040 |
_aDO-SdBPM _bspa _cBPMSU _erda |
||
| 082 | 0 | 0 |
_a813.5 _bT197o 2008 _222 |
| 100 | 1 |
_aTashlin, Frank _d1913-1972. _4aut. _eautor |
|
| 245 | 1 | 3 |
_aEl oso que no lo era / _cFrank Tashlin ; editora Marta Higueras Díez. |
| 250 | _a22a ed. | ||
| 264 |
_aMadrid : _bSantillana, _c2008. |
||
| 300 |
_a62 páginas : _bilustración, _c20 cm. |
||
| 336 |
_atexto _btxt _2rdacontent |
||
| 337 |
_asin mediación _bn _2rdamedia |
||
| 338 |
_avolumen _bnc _2rdacarrier |
||
| 490 | 0 | _aAlfaguara infantil | |
| 590 | _aInventariado, 2026/VM | ||
| 650 | 7 | _aCuentos infantiles estadounidenses | |
| 650 | 7 | _aLibros ilustrados para niños | |
| 700 | 1 |
_aHigueras Díez, Marta, _eeditor |
|
| 910 | _aVMateo V. Control de calidad. BPMSU | ||
| 942 |
_2ddc _cBK |
||
| 999 |
_c12026 _d12026 |
||